Semiconductor optoelectronics : Physics and technology

Uloženo v:
Podrobná bibliografie
Hlavní autor: Singh, Jasprit.
Médium: Kniha
Jazyk:Undetermined
Vydáno: New York McGraw-Hill 1995
Témata:
Tagy: Přidat tag
Žádné tagy, Buďte první, kdo otaguje tento záznam!
Thư viện lưu trữ: Trung tâm Học liệu Trường Đại học Cần Thơ
LEADER 00638nam a2200217Ia 4500
001 CTU_237192
008 210402s9999 xx 000 0 und d
082 |a 621.38152 
082 |b S617 
100 |a Singh, Jasprit. 
245 0 |a Semiconductor optoelectronics : 
245 0 |b Physics and technology 
245 0 |c Jasprit Singh. 
260 |a New York 
260 |b McGraw-Hill 
260 |c 1995 
526 |a Quang điện tử 
526 |b TN295 
650 |a Chất bán dẫn,Semiconductors,Quang điện tử.,Optoelectronics. 
910 |a Tuyến 
980 |a Trung tâm Học liệu Trường Đại học Cần Thơ